Collins cobuild learner's illustrated dictionary/ (Record no. 35982)
[ view plain ]
| 000 -LEADER | |
|---|---|
| fixed length control field | 02146nam a22003017a 4500 |
| 005 - DATE AND TIME OF LATEST TRANSACTION | |
| control field | 20101101103711.0 |
| 010 ## - LCCN (DPL NO) | |
| LC control number | B-410940-946 B-464461 |
| 020 ## - INTERNATIONAL STANDARD BOOK NUMBER | |
| International Standard Book Number | 9780007341139 |
| Terms of availability | 349.00 |
| 035 ## - SYSTEM CONTROL NUMBER | |
| System control number | B-410940-946 B-464461 |
| 037 ## - SOURCE OF ACQUISITION | |
| Source of stock number/acquisition | Uppal Book Store |
| 037 ## - SOURCE OF ACQUISITION | |
| Source of stock number/acquisition | K.K.Pub/Ven |
| 082 ## - DEWEY DECIMAL CLASSIFICATION NUMBER | |
| Classification number | 483 |
| 245 ## - TITLE STATEMENT | |
| Title | Collins cobuild learner's illustrated dictionary/ |
| 260 ## - PUBLICATION, DISTRIBUTION, ETC. (IMPRINT) | |
| Place of publication, distribution, etc | Great Britain |
| Name of publisher, distributor, etc | Heinle Cengage Learning |
| Date of publication, distribution, etc | 2009 |
| 300 ## - PHYSICAL DESCRIPTION | |
| Extent | xiii, 940p. |
| Dimensions | 22cm(pbk) |
| 650 ## - SUBJECT ADDED ENTRY--TOPICAL TERM | |
| Topical term or geographic name as entry element | English language |
| Form subdivision | Dictionaries |
| 942 ## - ADDED ENTRY ELEMENTS (KOHA) | |
| Source of classification or shelving scheme | Dewey Decimal Classification |
| Item type | English Books |
| Call number suffix | COL |
| Classification part | 483 |
| Withdrawn status | Lost status | Not for loan | Collection code | Home library | Current library | Date acquired | Source of acquisition | Cost, normal purchase price | Full call number | Barcode | Copy number | Cost, replacement price | Koha item type |
|---|---|---|---|---|---|---|---|---|---|---|---|---|---|
| Written-off vide DLB M. No. 383 dt 16.05.19 | Not For Loan | Reference | Central Library | Central Library | 01/11/2010 | Uppal Book Store/9560/8.7.10/64/1.7.10/17.7.10 | 349.00 | 483 COL | B-410940 | 1 | 349.00 | English Books | |
| Not For Loan | Reference | Central Library | Central Library | 06/09/2012 | K.K.Pub/BL1714/16.02.2012/29/24.01.2012/12.03.20121300.00 | 398.00 | 483 COL | B-464461 | 1 | 398.00 | English Books | ||
| Not For Loan | Reference | Janak Puri | Janak Puri | 01/11/2010 | Uppal Book Store/9560/8.7.10/64/1.7.10/17.7.10 | 349.00 | 483 COL | B-410942 | 1 | 349.00 | English Books | ||
| Written-off vide DLB M. No. 383 dt 16.05.19 | Non-fiction | Karol Bagh | Karol Bagh | 01/11/2010 | Uppal Book Store/9560/8.7.10/64/1.7.10/17.7.10 | 349.00 | 483 COL | B-410945 | 1 | 349.00 | English Books | ||
| Not For Loan | Reference | Patel Nagar | Patel Nagar | 01/11/2010 | Uppal Book Store/9560/8.7.10/64/1.7.10/17.7.10 | 349.00 | 483 COL | B-410941 | 1 | 349.00 | English Books | ||
| Not For Loan | Reference | Sarojini Nagar | Sarojini Nagar | 01/11/2010 | Uppal Book Store/9560/8.7.10/64/1.7.10/17.7.10 | 349.00 | 483 COL | B-410943 | 1 | 349.00 | English Books | ||
| Non-fiction | Shahdara Branch | Shahdara Branch | 01/11/2010 | Uppal Book Store/9560/8.7.10/64/1.7.10/17.7.10 | 349.00 | 483 COL | B-410946 | 1 | 349.00 | English Books | |||
| Not For Loan | Reference | Vinoba Puri | Vinoba Puri | 01/11/2010 | Uppal Book Store/9560/8.7.10/64/1.7.10/17.7.10 | 349.00 | 483 COL | B-410944 | 1 | 349.00 | English Books |
